000 00391nam a2200157Ia 4500
003 Ost
005 20260225132559.0
008 260225s9999||||xx |||||||||||||| ||und||
040 _cfsic
041 _afre
082 _a371.2
100 _aJEAN - YVES AUTEXIER
_eAuteur
245 0 _aUNE EDUCATION CIVIQUE REPUBLICAINE AU XXI SCIECLE /
245 0 _cJEAN - YVES AUTEXIER
942 _cكتاب
999 _c34664
_d34664